Assessment and development of hospital disaster and emergency management plan for secondary and tertiary healthcare facilities (Record no. 554145)
[ view plain ]
| 000 -LEADER | |
|---|---|
| fixed length control field | 00412nam a22001337a 4500 |
| 082 ## - DEWEY DECIMAL CLASSIFICATION NUMBER | |
| Classification number | T-238 |
| 100 ## - MAIN ENTRY--PERSONAL NAME | |
| Personal name | Rafiullah |
| 9 (RLIN) | 51468 |
| 245 ## - TITLE STATEMENT | |
| Title | Assessment and development of hospital disaster and emergency management plan for secondary and tertiary healthcare facilities |
| 260 ## - PUBLICATION, DISTRIBUTION, ETC. | |
| Place of publication, distribution, etc. | Risalpur, |
| Name of publisher, distributor, etc. | MCE, |
| Date of publication, distribution, etc. | 2018. |
| 300 ## - PHYSICAL DESCRIPTION | |
| Extent | 75p. |
| 526 ## - STUDY PROGRAM INFORMATION NOTE | |
| Program name | 0 |
| Interest level | 0 |
| Reading level | 0 |
| Title point value | T_238 |
| 700 ## - ADDED ENTRY--PERSONAL NAME | |
| Personal name | Dr Naeem Shahzad |
| 9 (RLIN) | 34734 |
| 942 ## - ADDED ENTRY ELEMENTS (KOHA) | |
| Source of classification or shelving scheme | |
| Koha item type | Book |
| Withdrawn status | Lost status | Source of classification or shelving scheme | Damaged status | Not for loan | Permanent Location | Current Location | Date acquired | Total Checkouts | Full call number | Barcode | Date last seen | Price effective from | Koha item type |
|---|---|---|---|---|---|---|---|---|---|---|---|---|---|
| Military College of Engineering (MCE) | Military College of Engineering (MCE) | 10/09/2018 | T-238 | MCE-T-238 | 10/12/2018 | 10/09/2018 | Book |
